00810nam a2200253 a 450000100060000000300080000600500170001400800410003102000220007203500230009403500190011704000270013604100080016308200180017110000440018924500560023326000940028930000210038350400560040465000110046065000210047165000300049265000340052232478BD-RjUL20211209051836.0140426s1991 ilu b 000 0 eng d a0934905193 (pbk.) a(OCoLC)ocm25705347 a(BD-RjUL)32567 aIOUcIOUbengdBD-RjUL aeng a297bCHI 19911 aChoudhury, G. W.q(Golam Wahed),d1926-10aIslam and the contemporary world /cG.W. Choudhury. aDes Plaines, IL :bLibrary of Islam ;aChicago :bDistributor, Kazi Publications,cc1991. a227 p. ;c23 cm. aIncludes bibliographical references (p. [223]-227). 0aIslam. 0aIslam and state. 0aIslam and world politics. 0aIslamxHistoryy20th century.